000 00474nam a2200181Ia 4500
005 20250508163051.0
008 008 250505s9999 xx 000 0 eng d
037 _aTextual
040 _aFEDL
_beng
_cFEDL
041 _aeng
_2eng
084 _a580, RAN
_qFEDL
100 _aRandhawa M S
245 0 _aFlowering trees
260 _aNew Delhi, India
_bNational Book Trust
_c1983
300 _a208p.
942 _cTEXL
_h580, RAN
999 _c1380616
_d1380616